000
00294nam a22001337a 4500
008
170313b xxu||||| |||| 00| 0 eng d
020
_a
9780073369433
041
_a
eng
080
_2
6 ED
_a
591
100
_a
7
101
_a
SHM
245
_a
VERTEBRATE ANATOMY
_c
KARDONG.K.V
942
_2
udc
_c
BK
999
_c
7688
_d
7688